000
00298nam a22001337a 4500
008
170714b xxu||||| |||| 00| 0 eng d
020
_a
9780195359520
041
_a
eng
080
_2
9TH
_a
101
100
_a
24
101
_a
FIL
245
_a
INTRODUCING PHILOSOPHY
_c
SOLOMON,R.C
942
_2
udc
_c
BK
999
_c
20795
_d
20795